[Event "55th World U20 ch"]
[Site "Bhubaneswar IND"]
[Date "2016.08.21"]
[Round "13.24"]
[White "Viennot, Dylan"]
[Black "Rakesh, Kumar Jena"]
[Result "0-1"]
[WhiteElo "2342"]
[BlackElo "2161"]
[EventDate "2016.08.08"]
[PlyCount "104"]

1.d4 d5 2.Nc3 Nf6 3.Bg5 c5 4.Bxf6 exf6 5.e3 Nc6 6.Qd2 cxd4 7.exd4 Bb4 8.
Bb5 O-O 9.Nge2 Qb6 10.Bd3 Bg4 11.f3 Be6 12.Qf4 Rac8 13.a3 Bxc3+ 14.bxc3 
Rfe8 15.Kd2 Na5 16.Rab1 Qd8 17.g4 Qe7 18.h4 Nc4+ 19.Bxc4 Rxc4 20.Rbe1 Qxa3
21.Ra1 Qe7 22.Rh2 b5 23.g5 fxg5 24.hxg5 b4 25.Ke1 Qc7 26.Qxc7 Rxc7 27.Kd2 
Rec8 28.cxb4 Rxc2+ 29.Ke3 Bd7 30.Rxa7 Re8+ 31.Kf4 Bb5 32.Ra5 Rcxe2 33.Rxe2
Bxe2 34.Rxd5 Rb8 35.Re5 Bc4 36.Re1 Kf8 37.Rb1 Rb5 38.Rb2 g6 39.Rb1 Rf5+ 
40.Kg4 Be6 41.f4 Rd5+ 42.Kf3 Rxd4 43.Ke3 Rd6 44.Rh1 Kg7 45.Rh2 Bf5 46.Rb2 
h5 47.gxh6+ Kxh6 48.Rb3 Kh5 49.Rb2 Kg4 50.Rg2+ Kh4 51.Rb2 Kg3 52.Re2 Rd3# 
0-1

[Event "55th World U20 ch"]
[Site "Bhubaneswar IND"]
[Date "2016.08.21"]
[Round "13.25"]
[White "Studer, Noel"]
[Black "Subhayan, Kundu"]
[Result "1-0"]
[WhiteElo "2477"]
[BlackElo "2189"]
[EventDate "2016.08.08"]
[PlyCount "73"]

1.e4 e6 2.d4 d5 3.Nd2 Be7 4.Bd3 c5 5.dxc5 Nf6 6.Ngf3 O-O 7.O-O Bxc5 8.exd5
Qxd5 9.Nb3 Nbd7 10.c4 Qc6 11.Bf4 b6 12.Nbd4 Bxd4 13.Nxd4 Qc5 14.Nb3 Qc6 
15.Nd4 Qc5 16.Nb3 Qc6 17.Re1 Bb7 18.Bf1 Rfd8 19.Qd6 Qxd6 20.Bxd6 Ne4 21.
Be7 Re8 22.Ba3 Ndc5 23.Nd4 Red8 24.Rad1 a6 25.f3 Nf6 26.Bxc5 bxc5 27.Nb3 
Nd7 28.Rd6 Kf8 29.Red1 Ke7 30.Na5 Rab8 31.R1d2 Ke8 32.Kf2 g6 33.Be2 h5 34.
Bd1 Bc8 35.Ba4 Rb4 36.b3 Rxa4 37.bxa4 1-0

[Event "55th World U20 ch"]
[Site "Bhubaneswar IND"]
[Date "2016.08.21"]
[Round "13.26"]
[White "Sammed Jaykumar, Shete"]
[Black "Tran Minh Thang"]
[Result "1-0"]
[WhiteElo "2253"]
[BlackElo "2353"]
[EventDate "2016.08.08"]
[PlyCount "65"]

1.e4 c5 2.c3 Nf6 3.e5 Nd5 4.Nf3 Nc6 5.Bc4 Nb6 6.Bb3 d6 7.exd6 c4 8.Bc2 
Qxd6 9.O-O Bg4 10.Re1 e6 11.Na3 Qf4 12.d3 Bxf3 13.gxf3 Qc7 14.Nb5 Qd8 15.
Bf4 Nd5 16.Bg3 cxd3 17.Qxd3 Be7 18.Rad1 a6 19.Nd4 Nxd4 20.Qxd4 Kf8 21.Qe4 
Qe8 22.Bb3 Nf6 23.Qxb7 h5 24.Ba4 Qc8 25.Bc6 Qxb7 26.Bxb7 Ra7 27.Bc6 a5 28.
h4 Ra6 29.Bb5 Rb6 30.a4 Ne8 31.c4 Bb4 32.Rd8 Ke7 33.Red1 1-0

[Event "55th World U20 ch"]
[Site "Bhubaneswar IND"]
[Date "2016.08.21"]
[Round "13.27"]
[White "Belous, Mikhail"]
[Black "Ranjan Sahoo, Utkal"]
[Result "1/2-1/2"]
[WhiteElo "2343"]
[BlackElo "2266"]
[EventDate "2016.08.08"]
[PlyCount "153"]

1.d4 Nf6 2.c4 e6 3.Nf3 d5 4.e3 Be7 5.b3 O-O 6.Bb2 b6 7.Nbd2 Bb7 8.Bd3 c5 
9.O-O dxc4 10.Nxc4 cxd4 11.Nxd4 Nc6 12.Nxc6 Bxc6 13.Qe2 Qd5 14.f3 Rfd8 15.
Rfd1 Qg5 16.Rac1 Rac8 17.Kh1 Nd5 18.a3 Bb7 19.b4 Bc6 20.f4 Qh6 21.Ne5 Ba4 
22.Rf1 Rxc1 23.Rxc1 Be8 24.g3 Qh3 25.e4 Nf6 26.Qf3 a5 27.Bc3 axb4 28.axb4 
Rc8 29.Bf1 Qh6 30.b5 Ba3 31.Rd1 Bf8 32.Bd2 Rc2 33.Qb3 Rc8 34.Bg2 Rc5 35.g4
Rxb5 36.Qg3 g6 37.g5 Qh5 38.Bf3 Nxe4 39.Qg2 Qh4 40.Bxe4 Rb2 41.Rb1 Rxb1+ 
42.Bxb1 Bg7 43.Nf3 Qh5 44.Be4 h6 45.Be3 hxg5 46.fxg5 b5 47.Qg3 e5 48.Bd5 
Bd7 49.Kg2 Bf5 50.Qh4 Qxh4 51.Nxh4 Bc2 52.Nf3 b4 53.Nd2 Bf8 54.Kf3 Kg7 55.
Bb3 Bd3 56.Ne4 Be7 57.h4 Bb1 58.Nd2 Bd3 59.Nc4 f6 60.Nb6 Bd6 61.Nd5 f5 62.
Bd2 Bc5 63.Nxb4 Be4+ 64.Ke2 f4 65.Bc3 f3+ 66.Kf1 Bf5 67.Bc4 Bh3+ 68.Ke1 
f2+ 69.Kd2 Bxb4 70.Bxb4 f1=Q 71.Bxf1 Bxf1 72.Bc3 Bh3 73.Bxe5+ Kf7 74.Ke3 
Bg4 75.Kf4 Bh5 76.Bb2 Ke6 77.Ke4 1/2-1/2

[Event "55th World U20 ch"]
[Site "Bhubaneswar IND"]
[Date "2016.08.21"]
[Round "13.28"]
[White "Gajwa, Ankit"]
[Black "Fan Huifeng"]
[Result "1-0"]
[WhiteElo "2282"]
[BlackElo "2223"]
[EventDate "2016.08.08"]
[PlyCount "117"]

1.e4 e5 2.Nf3 Nf6 3.d4 Nxe4 4.Bd3 d5 5.dxe5 Nc5 6.Be2 Be7 7.O-O O-O 8.Be3 
Ne6 9.c4 dxc4 10.Bxc4 c6 11.Nc3 Nd7 12.Qc2 Qc7 13.Ne4 Nb6 14.Bb3 Nd5 15.
Bg5 Rd8 16.Rad1 h6 17.Bxe7 Qxe7 18.Bxd5 Rxd5 19.Rxd5 cxd5 20.Nc3 Nc7 21.
Qd3 b6 22.Re1 Ba6 23.Qd2 Bb7 24.Nd4 Ne6 25.Ncb5 Nc5 26.Nf5 Qg5 27.Qxg5 
hxg5 28.Nbd6 Rb8 29.Rd1 Na4 30.Rd2 Ba8 31.b3 Nc5 32.f3 Nd7 33.Re2 Nc5 34.
Kf2 Kf8 35.Kg3 Bc6 36.b4 Nd3 37.b5 Bd7 38.Rd2 Bxf5 39.Nxf5 Nxe5 40.Rxd5 f6
41.Nd4 Kf7 42.Nc6 Nxc6 43.bxc6 Rc8 44.Rd7+ Ke6 45.Rxa7 g6 46.c7 Kd6 47.f4 
gxf4+ 48.Kxf4 Rxc7 49.Rxc7 Kxc7 50.a4 Kd6 51.h4 Ke6 52.g4 Kf7 53.Ke4 Kg7 
54.Kd5 Kf7 55.h5 gxh5 56.gxh5 Ke7 57.h6 Kf7 58.h7 Kg7 59.Ke4 1-0

[Event "55th World U20 ch"]
[Site "Bhubaneswar IND"]
[Date "2016.08.21"]
[Round "13.29"]
[White "Ivic, Velimir"]
[Black "Rahul Srivatshav, P."]
[Result "0-1"]
[WhiteElo "2270"]
[BlackElo "2280"]
[EventDate "2016.08.08"]
[PlyCount "108"]

1.e4 c5 2.Nc3 e6 3.f4 d5 4.Bb5+ Bd7 5.Bxd7+ Qxd7 6.d3 dxe4 7.Nxe4 Nf6 8.
Qe2 Nc6 9.Nf3 Be7 10.Be3 b6 11.O-O-O Nd5 12.Kb1 Qc7 13.g3 h6 14.c4 Nxe3 
15.Qxe3 O-O-O 16.d4 cxd4 17.Nxd4 Nxd4 18.Rxd4 Rxd4 19.Qxd4 Qc6 20.Re1 Bb4 
21.Rd1 Be7 22.Nc3 Bf6 23.Qe4 Qxe4+ 24.Nxe4 Be7 25.Nd6+ Bxd6 26.Rxd6 g5 27.
Rd4 g4 28.f5 exf5 29.Rf4 Re8 30.Rxf5 Re1+ 31.Kc2 Re2+ 32.Kc3 Rxh2 33.Rxf7 
Rh3 34.Rxa7 Rxg3+ 35.Kb4 Rg2 36.b3 g3 37.Rg7 h5 38.Kb5 h4 39.Kxb6 h3 40.c5
h2 41.c6 Rd2 42.Rg8+ Rd8 43.Rg7 Rh8 44.Ra7 Kd8 45.Ra8+ Ke7 46.Rxh8 g2 47.
Rh7+ Kf6 48.c7 g1=Q+ 49.Ka6 Qf1+ 50.Ka7 Qf2+ 51.Kb7 Qf3+ 52.Kb8 Qf4 53.Ka7
h1=Q 54.Rxh1 Qxc7+ 0-1

[Event "55th World U20 ch"]
[Site "Bhubaneswar IND"]
[Date "2016.08.21"]
[Round "13.30"]
[White "Barath Kalyan, M."]
[Black "Gheorghiu, Calin"]
[Result "0-1"]
[WhiteElo "2197"]
[BlackElo "2343"]
[EventDate "2016.08.08"]
[PlyCount "88"]

1.d4 Nf6 2.c4 e6 3.g3 c5 4.Nf3 cxd4 5.Nxd4 d5 6.Nf3 Nc6 7.cxd5 Qxd5 8.Qxd5
Nxd5 9.Bg2 Be7 10.O-O Bd7 11.e4 Nb6 12.Nc3 Rc8 13.Bf4 f6 14.e5 f5 15.Rfd1 
h6 16.h4 Nb4 17.h5 Bc6 18.Nd4 Kf7 19.a3 N4d5 20.Nxd5 Nxd5 21.Bxd5 Bxd5 22.
Nxf5 Bf3 23.Nd6+ Bxd6 24.Rxd6 Rhd8 25.b4 Bxh5 26.Kg2 Be2 27.Be3 b6 28.a4 
Bc4 29.a5 bxa5 30.Rxa5 a6 31.Bb6 Rf8 32.Rc5 g5 33.f4 gxf4 34.gxf4 Kg6 35.
Bc7 Rxf4 36.Rdc6 Bf1+ 37.Kg3 Kf5 38.Kh2 Rg8 39.Bd8 Rxd8 40.Rc8 Rd2+ 41.Kh1
Bg2+ 42.Kg1 Rf1+ 43.Kh2 Rh1+ 44.Kg3 Rh3# 0-1

[Event "55th World U20 ch"]
[Site "Bhubaneswar IND"]
[Date "2016.08.21"]
[Round "13.32"]
[White "Taalaibekov, Tagir"]
[Black "Yogit, S."]
[Result "1/2-1/2"]
[WhiteElo "2182"]
[BlackElo "2270"]
[EventDate "2016.08.08"]
[PlyCount "108"]

1.d4 Nf6 2.g3 e6 3.Bg2 d5 4.Nf3 Be7 5.c4 O-O 6.O-O dxc4 7.Nbd2 Bd7 8.Nxc4 
Bc6 9.b3 Nbd7 10.Bb2 Bd5 11.Rc1 Rc8 12.e3 c5 13.Qe2 cxd4 14.Bxd4 Bc5 15.
Ba1 Qe7 16.Ncd2 Ne4 17.Nxe4 Bxe4 18.Rc4 Bd5 19.Rh4 f5 20.Nd2 Bxg2 21.Kxg2 
Bb4 22.Nc4 b5 23.Ne5 Nxe5 24.Bxe5 Qb7+ 25.Kg1 Bc3 26.Bxc3 Rxc3 27.Qd2 Rfc8
28.Rd4 h6 29.Rd7 R3c7 30.Rd1 Qf3 31.Rxc7 Rxc7 32.h4 Kh7 33.Qd3 Rc5 34.Qd7 
Rc2 35.Rf1 Rxa2 36.Qxb5 Qe4 37.h5 Qg4 38.Qe8 Rc2 39.b4 e5 40.b5 e4 41.Qf7 
Rc5 42.Rb1 f4 43.Qxf4 Qxf4 44.exf4 Rxh5 45.Rb4 Rc5 46.Kf1 Kg6 47.Ke2 Kf5 
48.Ra4 Rxb5 49.Rxa7 Rb2+ 50.Kf1 g5 51.Ra5+ Kg4 52.fxg5 hxg5 53.Ra3 Rc2 54.
Kg2 Rb2 1/2-1/2

[Event "55th World U20 ch"]
[Site "Bhubaneswar IND"]
[Date "2016.08.21"]
[Round "13.33"]
[White "Chakravarthi Reddy, M."]
[Black "Subramaniam, Shreyes"]
[Result "1-0"]
[WhiteElo "2228"]
[BlackElo "1863"]
[EventDate "2016.08.08"]
[PlyCount "31"]

1.c4 c5 2.Nf3 Nc6 3.d4 cxd4 4.Nxd4 g6 5.e4 Bg7 6.Nb3 Nf6 7.Nc3 O-O 8.Be2 
d6 9.O-O Ne5 10.f4 Qb6+ 11.c5 dxc5 12.fxe5 Rd8 13.Nd2 Ne8 14.Nd5 Qe6 15.
Nf3 h6 16.Nf6+ 1-0

[Event "55th World U20 ch"]
[Site "Bhubaneswar IND"]
[Date "2016.08.21"]
[Round "13.35"]
[White "Thogersen, Rasmus"]
[Black "Gandhi, Anish"]
[Result "0-1"]
[WhiteElo "2171"]
[BlackElo "2156"]
[EventDate "2016.08.08"]
[PlyCount "84"]

1.e4 c5 2.Nf3 d6 3.d4 cxd4 4.Nxd4 Nf6 5.Nc3 a6 6.Bg5 Nbd7 7.Qe2 e6 8.f4 
Qc7 9.O-O-O b5 10.a3 Bb7 11.g4 Be7 12.Kb1 h6 13.Bh4 Nb6 14.Bf2 Nc4 15.Be1 
Rb8 16.h4 Ba8 17.Rh3 d5 18.e5 Nd7 19.f5 Nc5 20.fxe6 fxe6 21.g5 h5 22.Na2 
a5 23.Rf3 Qxe5 24.Qg2 Ne4 25.Qh3 Ned2+ 26.Bxd2 Qxd4 27.Bxc4 bxc4 28.Nc3 
Qb6 29.Na4 Qc6 30.Re1 d4 31.Rff1 c3 32.Nxc3 dxc3 33.Bxc3 Rf8 34.Qd3 Rxf1 
35.Rxf1 Qe4 36.Qa6 Bd5 37.Qa7 Rd8 38.Qxa5 Qc4 39.Re1 Qa2+ 40.Kc1 Be4 41.
Qa4+ Rd7 42.b4 Bxb4 0-1

[Event "55th World U20 ch"]
[Site "Bhubaneswar IND"]
[Date "2016.08.21"]
[Round "13.36"]
[White "Ritviz Bhiva, Parab"]
[Black "Avik, Sarker"]
[Result "1-0"]
[WhiteElo "2259"]
[BlackElo "2000"]
[EventDate "2016.08.08"]
[PlyCount "125"]

1.e4 e5 2.Nf3 Nf6 3.Nxe5 d6 4.Nf3 Nxe4 5.Nc3 Nxc3 6.dxc3 Be7 7.Bf4 Nc6 8.
Qd2 Be6 9.O-O-O a6 10.Ng5 Bxg5 11.Bxg5 f6 12.Bh4 Qd7 13.f4 O-O-O 14.h3 
Rde8 15.Bf2 Kb8 16.c4 Qf7 17.Qc3 Qh5 18.b4 Ne7 19.b5 b6 20.bxa6 Nc6 21.Qb2
Qa5 22.a3 Rd8 23.g3 Ka7 24.Bg2 Nb8 25.Rhe1 Rhe8 26.Qb3 Bd7 27.Rxe8 Rxe8 
28.Rd5 Qa4 29.c5 Qxb3 30.cxb3 Bc6 31.cxb6+ cxb6 32.Rxd6 Bxg2 33.Rxb6 Ka8 
34.b4 Rc8+ 35.Kb2 Be4 36.Be3 Rc6 37.Rb7 Rxa6 38.Rxg7 Bd3 39.g4 Nc6 40.Rd7 
Bb5 41.Rxh7 Kb8 42.h4 Nd8 43.f5 Kc8 44.Bd4 Rd6 45.Bc3 Nc6 46.h5 Be2 47.Rg7
Rd7 48.Rxd7 Kxd7 49.h6 Nd8 50.Bxf6 Nf7 51.g5 Bd3 52.h7 Bxf5 53.h8=Q Nxh8 
54.Bxh8 Kc6 55.a4 Kd5 56.Kc3 Kc6 57.Bd4 Bg6 58.b5+ Kb7 59.a5 Be8 60.a6+ 
Kc7 61.b6+ Kc6 62.b7 Kd5 63.b8=Q 1-0

[Event "55th World U20 ch"]
[Site "Bhubaneswar IND"]
[Date "2016.08.21"]
[Round "13.38"]
[White "Weerasinghe, C. C."]
[Black "Hsu Chuan Chia"]
[Result "1-0"]
[WhiteElo "1785"]
[BlackElo "1777"]
[EventDate "2016.08.08"]
[PlyCount "135"]

1.d4 g6 2.Nf3 Bg7 3.c4 d6 4.g3 Nf6 5.Bg2 O-O 6.O-O Nc6 7.Nc3 a6 8.Qd3 Rb8 
9.d5 Nb4 10.Qd1 a5 11.a3 Na6 12.Nd4 e5 13.dxe6 fxe6 14.Nb3 b6 15.Nd4 Bd7 
16.Nc6 Bxc6 17.Bxc6 Nc5 18.Bg2 Nfd7 19.Qc2 Rf7 20.Rb1 Ne5 21.b4 axb4 22.
axb4 Ncd7 23.Ne4 h6 24.h3 Nf8 25.Bb2 g5 26.Rbd1 Qe7 27.Qb3 Nfg6 28.Qc2 
Rbf8 29.Nd2 g4 30.hxg4 Qg5 31.Nf3 Qxg4 32.Nxe5 Nxe5 33.Bxe5 Bxe5 34.Qe4 
Qxe4 35.Bxe4 Bc3 36.b5 Kg7 37.Kg2 Rh8 38.Rh1 h5 39.Rh3 Rf6 40.Rdh1 Rfh6 
41.Bf3 Kg6 42.Be4+ Kg7 43.Rd1 Kf6 44.Rd3 Ba5 45.Rf3+ Ke7 46.Rf4 Bc3 47.Rf3
Bb4 48.Rb3 Ba5 49.Rh4 Kf6 50.Rf3+ Ke7 51.Rhf4 d5 52.cxd5 exd5 53.Bxd5 h4 
54.gxh4 Rxh4 55.Rxh4 Rxh4 56.Bc6 Bb4 57.Rh3 Rxh3 58.Kxh3 Bc3 59.f4 Kf6 60.
e4 Ke6 61.Kg4 Bg7 62.e5 Bf8 63.Kf3 Bc5 64.Ke4 Ba3 65.f5+ Kf7 66.f6 Ke6 67.
Bd5+ Kd7 68.e6+ 1-0

[Event "55th World U20 ch"]
[Site "Bhubaneswar IND"]
[Date "2016.08.21"]
[Round "13.39"]
[White "Nyamdorj, Davaaochir"]
[Black "Skettos, Nicolas"]
[Result "1-0"]
[WhiteElo "2015"]
[BlackElo "1561"]
[EventDate "2016.08.08"]
[PlyCount "97"]

1.Nf3 c5 2.g3 Nf6 3.Bg2 g6 4.O-O Bg7 5.d3 O-O 6.e4 d6 7.Qe2 Nc6 8.Nbd2 e5 
9.h3 Be6 10.c3 Rc8 11.Ng5 Bd7 12.f4 h6 13.Ngf3 Nh5 14.Qe3 Nxg3 15.Rf2 Nh5 
16.f5 Nf4 17.Nc4 Qf6 18.Nh2 gxf5 19.Qg3 b5 20.Ne3 Nxd3 21.Nd5 Qg6 22.Qxd3 
fxe4 23.Qxb5 Kh7 24.Kh1 f5 25.Qe2 Be6 26.c4 Bxd5 27.cxd5 Nb4 28.Bd2 Nd3 
29.Rff1 Kh8 30.Rab1 c4 31.h4 Nc5 32.Bh3 Rc7 33.h5 Qg3 34.Bxf5 Nd3 35.Qg2 
Qh4 36.Qg6 Rxf5 37.Qxf5 Qg3 38.Ba5 Re7 39.Bd8 Re8 40.Bf6 e3 41.Bxg7+ Qxg7 
42.Qg6 Qxg6 43.hxg6 e2 44.Rf7 e1=Q+ 45.Rxe1 Nxe1 46.Ng4 Nd3 47.Rh7+ Kg8 
48.Nf6+ Kf8 49.Rf7# 1-0